|
|
|
|
| LEADER |
01602nam a2200409Ia 4500 |
| 001 |
EBC3407081 |
| 003 |
MiAaPQ |
| 005 |
20200520144314.0 |
| 006 |
m o d | |
| 007 |
cr cn||||||||| |
| 008 |
100303s2010 nyua sb s001 0 eng d |
| 010 |
|
|
|z 2010004940
|
| 020 |
|
|
|z 9781438433417 (hardcover : alk. paper)
|
| 020 |
|
|
|z 9781438433431
|
| 020 |
|
|
|z 1438433417 (hardcover : alk. paper)
|
| 020 |
|
|
|z 9781438433424 (pbk. : alk. paper)
|
| 020 |
|
|
|z 1438433425 (pbk. : alk. paper)
|
| 035 |
|
|
|a (MiAaPQ)EBC3407081
|
| 035 |
|
|
|a (Au-PeEL)EBL3407081
|
| 035 |
|
|
|a (CaPaEBR)ebr10573942
|
| 035 |
|
|
|a (OCoLC)676698473
|
| 040 |
|
|
|a MiAaPQ
|c MiAaPQ
|d MiAaPQ
|
| 050 |
|
4 |
|a HG2040.5.U5
|b H643 2010
|
| 082 |
0 |
4 |
|a 332.7/220973
|2 22
|
| 100 |
1 |
|
|a Hoffmann, Susan.
|
| 245 |
1 |
0 |
|a Mission expansion in the Federal Home Loan Bank System
|h [electronic resource] /
|c Susan M. Hoffmann and Mark K. Cassell.
|
| 260 |
|
|
|a Albany :
|b State University of New York Press,
|c c2010.
|
| 300 |
|
|
|a xiv, 183 p. :
|b ill.
|
| 504 |
|
|
|a Includes bibliographical references and index.
|
| 533 |
|
|
|a Electronic reproduction. Ann Arbor, MI : ProQuest, 2015. Available via World Wide Web. Access may be limited to ProQuest affiliated libraries.
|
| 610 |
1 |
0 |
|a United States.
|b Federal Home Loan Bank System.
|
| 650 |
|
0 |
|a Federal home loan banks
|z United States.
|
| 650 |
|
0 |
|a Housing
|z United States
|x Finance.
|
| 655 |
|
4 |
|a Electronic books.
|
| 700 |
1 |
|
|a Cassell, Mark K.,
|d 1964-
|
| 710 |
2 |
|
|a ProQuest (Firm)
|
| 856 |
4 |
0 |
|u https://ebookcentral.proquest.com/lib/matrademy/detail.action?docID=3407081
|z Click to View
|